000 00766nam a2200277 a 4500
001 21459
003 BD-RjUL
005 20211209000704.0
008 140304s1954 enka 001 1 eng d
035 _a83-60141
035 _a(BD-RjUL)21523
040 _aDLC
_cDLC
_dBD-RjUL
_beng
041 _aeng
082 _a823.912
_219
_bWOO 1954
100 1 _aWoolf, Virginia,
_d1882-1941.
_966297
245 1 0 _aOrlando :
_ba biography /
_cVirginia Woolf
260 _aLondon :
_bThe Hogarth Press,
_c1954.
300 _a299 p. :
_bill ;
_c23 cm
500 _a"First English edition"--Kirkpatrick
500 _aIncludes index.
650 _aEngland Fiction
_966298
942 _2ddc
_cBK
999 _c21459
_d21459